Héléna - Toutes les chansons - Statistiques

Statistiques générales
  • Ce quiz a été pris 1 521 fois
    859 depuis la dernière actualisation
  • Le résultat moyen est 16 sur 20
Statistiques - réponses
Hint Réponse % Correct
Hélé 4 Mauvais Garçon
97%
Hélé 2 16 Capuche
93%
Hélé 11 Summer Body
93%
Hélé 5 Gentil Garçon
91%
Hélé 2 15 Piscine
89%
Hélé 1 Mon Piano et moi
85%
Singles 2024 Aimée pour de vrai
83%
Hélé 9 Bonne Maman
83%
Singles 2024 Nouveau cœur
83%
Hélé 3 Karma
82%
Hélé 2 17 Nuage
82%
Hélé 2 18 Maman s'inquiète (feat. Brigitte)
81%
Hélé 2 14 Loin de toi (jamais)
80%
Hélé 6 Boule au ventre
79%
Hélé 13 Adieu mon amour
77%
Hélé 12 Mélatonine
76%
Hélé 7 Pieds sur Terre
73%
Hélé 10 Je t’aime (bien)
70%
Hélé 8 Tout gâcher
65%
Hélé 2 Tout a changé (rien n’a changé)
63%
Aucun quiz correspondant
Distribution des résultats
% des personnes avec chaque résultat
Percentile par nombre de réponses
Votre historique - résultats
Vous n’avez pas pris ce quiz depuis la dernière actualisation